| 000 -CABECERA |
| campo de control de longitud fija |
00992nam a2200217Ia 4500 |
| 003 - IDENTIFICADOR DE NUMERO DE CONTROL |
| campo de control |
Ar-CdUNLAR |
| 005 - FECHA ULTIMA MODIFICACION |
| campo de control |
20260601163038.0 |
| 008 - ELEMENTOS DE LONGITUD FIJA -- INFORMACION GENERAL |
| campo de control de longitud fija |
091014s1971 m ac | 001 0 spa |
| 080 ## - NUMERO DE CLASIFICACION DECIMAL UNIVERSAL (CDU) |
| Número de la Clasificación Decimal Universal |
616-053.2 |
| 900 ## - BIBLIOTECARIO RESPONSABLE |
| Carga de datos |
SE |
| 245 00 - MENCION DE TITULO |
| Título propiamente dicho |
Enfermería pediatrica de jeans / |
| Mención de responsabilidad, etc. |
Florence G. Blake, Howell Wright y Eugenia H. Waechter. |
| 250 ## - MENCION DE EDICION |
| Mención de edición |
8a ed. |
| 260 ## - PUBLICACION, DISTRIBUCION, ETC. (PIE DE IMPRENTA) |
| Lugar de publicación, distribución, etc. |
México : |
| Nombre del editor, distribuidor, etc. |
Interamericana, |
| Fecha de publicación, distribución, etc. |
1971. |
| 300 ## - DESCRIPCION FISICA |
| Extensión |
xv, 687 p. : |
| Otros detalles físicos |
il. ; |
| Dimensiones |
27 cm. |
| 590 ## - NOTAS LOCALES |
| Nota local |
Índice: 1- Introducción a la enfermería pediátrica. 2- El recién nacido ( de la concepción al primer mes de vida). 3- El lactante ( del mes al año de vida). 4- El niño de uno a tres años en edad preescolar(tres a seis años). 5- El niño en edad escolar (seis a 13 años). 6- Crecimiento, desarrollo y asistencia durante pubertad y adolescencia (13 a 18 años). |
| 650 17 - ASIENTO SECUNDARIO DE MATERIA - TERMINO TEMATICO |
| Término temático o nombre geográfico como elemento de entrada |
Enfermería. |
| 650 17 - ASIENTO SECUNDARIO DE MATERIA - TERMINO TEMATICO |
| Término temático o nombre geográfico como elemento de entrada |
Enfermeria pediátrica. |
| 700 1# - ASIENTO SECUNDARIO - NOMBRE PERSONAL |
| Nombre personal |
Wright, Howell. |
| 700 1# - ASIENTO SECUNDARIO - NOMBRE PERSONAL |
| Nombre personal |
Waechter, Eugenia H. |